000 00381pab a2200145 454500
008 180718b1989 xxu||||| |||| 00| 0 eng d
100 _aPatil, Sharad
245 _aMobilising scheduled castes and scheduled tribes
260 _c1989
300 _a2002-6
362 _a2-9 Sept.
650 _aScheduled Castes - India
773 _aEconomic and Political Weekly
909 _a18645
999 _c18645
_d18645